000 00600nam a2200217Ia 4500
003 OSt
005 20250521152122.0
008 220927b |||||||| |||| 00| 0 eng d
020 _a9781591845560
037 _cTextual
040 _aSDCL
_cSDCL
_beng
041 _2eng
_aeng
084 _aX:57 Q2
100 _aRickards, James
_9468324
245 0 _aCurrency wars :
_b The Making of the next global crisis.
260 _aNew York :
_b Penguin,
_c2012.
300 _axvii,296p.
650 _aEconomics
_9391569
942 _cTEXL
_2CC
_n0
999 _c781169
_d781169